Instituciones de derecho procesal civil colombiano : (Registro nro. 29703)

Detalles MARC
000 -LEADER
fixed length control field 01726nam a2200277Ia 4500
003 - CONTROL NUMBER IDENTIFIER
control field CO-CtgCURN
005 - DATE AND TIME OF LATEST TRANSACTION
control field 20250409210211.0
008 - FIXED-LENGTH DATA ELEMENTS--GENERAL INFORMATION
fixed length control field 190723s2005 xx 000 0 und d
020 ## - INTERNATIONAL STANDARD BOOK NUMBER
International Standard Book Number 9583373249
040 ## - CATALOGING SOURCE
Original cataloging agency CO-CtgCURN
Language of cataloging spa
Transcribing agency coctgcurn
082 ## - DEWEY DECIMAL CLASSIFICATION NUMBER
Classification number 347.05
Item number L864i
100 ## - MAIN ENTRY--PERSONAL NAME
Personal name López Blanco, Hernán Fabio
Relator term autor
9 (RLIN) 6795
245 #0 - TITLE STATEMENT
Title Instituciones de derecho procesal civil colombiano :
Remainder of title parte general /
Statement of responsibility, etc. Hernán Fabio López Blanco
250 ## - EDITION STATEMENT
Edition statement 9 edición
260 ## - PUBLICATION, DISTRIBUTION, ETC.
Place of publication, distribution, etc. Bogotá, Colombia :
Name of publisher, distributor, etc. Dupre,
Date of publication, distribution, etc. 2005
300 ## - PHYSICAL DESCRIPTION
Extent 1113 páginas ;
Dimensions 21 centímetros.
505 ## - FORMATTED CONTENTS NOTE
Formatted contents note Cap.1. Evolución histórica del derecho procesal civil colombiano -- Cap.2. El derecho procesal la ley procesal civil -- Cap.3. Los principios informadores y las reglas técnicas del procedimiento civil -- Cap.4. Jurisdicción y competencia -- Cap.5. El derecho de acción -- Cap.6. La actuación judicial -- Cap.7. La demanda -- Cap.8. Defensas del demandado. excepciones -- Cap.9. La conciliación -- Cap.10. Actos procesales del juez -- Cap.11. Las notificaciones -- Cap.12. Los recursos -- Cap.13. Las nulidades procesales y su saneamiento -- Cap.14. Causales de interrupción y suspensión de los procesos civiles -- Cap.15. Las expensas y las costas -- Cap.16. Las medidas cautelares.
521 ## - TARGET AUDIENCE NOTE
Target audience note AREA PROFESIONAL
590 ## - LOCAL NOTE (RLIN)
Local note Programa de Derecho_18
650 ## - SUBJECT ADDED ENTRY--TOPICAL TERM
Topical term or geographic name entry element Procesal civil
Geographic subdivision Colombia
9 (RLIN) 6796
942 ## - ADDED ENTRY ELEMENTS (KOHA)
Koha item type Libros
Classification part 347.05
Item part L864i
Koha issues (borrowed), all copies 17
Source of classification or shelving scheme Dewey Decimal Classification
Existencias
Withdrawn status Lost status Damaged status Not for loan Collection Home library Current library Shelving location Date acquired Inventory number Total checkouts Full call number Barcode Date last seen Date last checked out Copy number Price effective from Koha item type
          Miguel Henríquez Castañeda Barranquilla Miguel Henríquez Castañeda Barranquilla General 05/23/2018 02500 4 347.05 L864i 02500 02/23/2024 02/21/2024 v.1 ej.1 07/23/2019 Libros
          Miguel Henríquez Castañeda Barranquilla Miguel Henríquez Castañeda Barranquilla General 05/23/2018 02501 3 347.05 L864i 02501 02/14/2024 02/08/2024 v.1 ej.2 07/23/2019 Libros
          Miguel Henríquez Castañeda Barranquilla Miguel Henríquez Castañeda Barranquilla General 05/23/2018 02502 7 347.05 L864i 02502 03/11/2024 03/11/2024 v.1 ej.3 07/23/2019 Libros
          Miguel Henríquez Castañeda Barranquilla Miguel Henríquez Castañeda Barranquilla General 05/23/2018 02503 3 347.05 L864i 02503 08/23/2023 08/17/2023 v.1 ej.4 07/23/2019 Libros